000 01181nam a22002177a 4500
999 _c62218
_d62218
005 20240802153351.0
008 240802s2018 en ||||| |||| 00| 0 eng d
020 _a 9781498796507, 9781138031661, 9781138031647, X
041 _aeng
080 _a617 B-18
245 _a Bailey & Love's short practice of surgery :
_b Volume one /
_cNorman S. Williams (Redaktor), P. Ronan O'Connell (Redaktor), A. W. McCaskie (Redaktor),
250 _a27th edition
264 _aBoca Raton :
_bCRC Press - Taylor & Francis Group,
_c2018.
300 _a XIX [1], 797 p.:
_b ilustracje kolorowe ;
_c28 cm.
653 _aBailey & Love is the world famous textbook of surgery. Its complete coverage includes the scientific basis of surgical practice, investigation, diagnosis, & pre-operative care. Its reputation for unambiguous advice makes it the first point of reference for students & practising surgeons worldwide.
653 _aქირურგია
700 _aWilliams, Norman S
_eრედაქტორი
_922172
700 _aConnell, P. Ronan O
_eრედაქტორი
_923059
700 _a McCaskie, , A. W.
_eრედაქტორი
_923060
942 _2udc
_cBK